书目信息 |
| 题名: |
谈一线教师的教育科研
|
|
| 作者: | 李建荣 著 | |
| 分册: | ||
| 出版信息: | 成都 四川大学出版社 2018.05 |
|
| 页数: | 334页 | |
| 开本: | 21cm | |
| 丛书名: | ||
| 单 册: | ||
| 中图分类: | G40-03 | |
| 科图分类: | ||
| 主题词: | 教师--jiao shi--教育科学--科学研究 | |
| 电子资源: | ||
| ISBN: | 978-7-5690-1838-7 | |
| 000 | 00827nam0 2200229 450 | |
| 001 | 0105143314 | |
| 005 | 20201105143350.0 | |
| 010 | @a978-7-5690-1838-7@dCNY45.00 | |
| 100 | @a20181129e20202018em y0chiy50 ea | |
| 101 | 0 | @achi |
| 102 | @aCN@b510000 | |
| 105 | @ay z 000yy | |
| 106 | @ar | |
| 200 | 1 | @a谈一线教师的教育科研@Atan yi xian jiao shi de jiao yu ke yan@f李建荣著 |
| 210 | @a成都@c四川大学出版社@d2018.05@h2020.04 | |
| 215 | @a334页@d21cm | |
| 330 | @a本书主要内容包含一线教师的科研魔咒、科研魔咒的破解之道、叩问教师方面的真问题、叩问学生方面的真问题、叩问学校方面的真问题、卷入课题研究、参与局部探索、淬炼点滴思考。 | |
| 606 | 0 | @a教师@Ajiao shi@x教育科学@x科学研究 |
| 690 | @aG40-03@v5 | |
| 701 | 0 | @a李建荣@Ali jian rong@f(1963~)@4著 |
| 801 | 0 | @aCN@bBJSZM@c20201105 |
| 905 | @b1262314-7@dG40-03@e1141@f4 | |
| 谈一线教师的教育科研/李建荣著.-成都:四川大学出版社,2018.05(2020.04) |
| 334页;21cm |
| ISBN 978-7-5690-1838-7:CNY45.00 |
| 本书主要内容包含一线教师的科研魔咒、科研魔咒的破解之道、叩问教师方面的真问题、叩问学生方面的真问题、叩问学校方面的真问题、卷入课题研究、参与局部探索、淬炼点滴思考。 |
| ● |
| 相关链接 |
|
|
|
|
正题名:谈一线教师的教育科研
索取号:G40-03/1141
 
预约/预借
| 序号 | 登录号 | 条形码 | 馆藏地/架位号 | 状态 | 备注 |
| 1 | 1262314 | 212623142 | 第一样本阅览室/ [索取号:G40-03/1141] | 在馆 | |
| 2 | 1262315 | 212623151 | 教育系资料室/ [索取号:G40-03/1141] | 在馆 | |
| 3 | 1262316 | 212623160 | 教育系资料室/ [索取号:G40-03/1141] | 在馆 | |
| 4 | 1262317 | 212623179 | 第四借阅区/ [索取号:G40-03/1141] | 在馆 |